[Event "Vugar Gashimov Mem B 2014"]
[Site "Shamkir AZE"]
[Date "2014.04.27"]
[Round "7.5"]
[White "Abasov, Nijat"]
[Black "Mamedov, Rauf"]
[Result "1/2-1/2"]
[WhiteTitle "GM"]
[BlackTitle "GM"]
[WhiteElo "2516"]
[BlackElo "2660"]
[WhiteFideId "13402960"]
[BlackFideId "13401653"]
[EventDate "2014.03.20"]

1. d4 d6 2. Nf3 g6 3. c4 Bg7 4. Nc3 Nf6 5. e4 O-O 6. Be2 c5 7. d5 e5 8. dxe6
fxe6 9. e5 dxe5 10. Qxd8 Rxd8 11. Nxe5 Nfd7 12. Bg5 Rf8 13. Nxd7 Bxd7 14. Be7
Rc8 15. Rd1 Bc6 16. O-O Na6 17. Rfe1 Re8 18. Bh4 Bd4 19. Bg4 Nc7 20. Ne4 Bxe4
21. Rxe4 e5 22. Rd2 Ne6 23. Re1 h5 24. Bh3 Kg7 25. g3 Kh6 26. Bf6 Ng5 27. Bxg5+
Kxg5 28. Bg2 Re7 29. Be4 h4 30. Bd5 Rh8 31. Kf1 Kf6 32. Ree2 b6 33. Ke1 Rd7 34.
Kd1 Rdd8 35. Kc2 hxg3 36. hxg3 Rhe8 37. Rd3 Kg7 38. Rdd2 Rf8 39. Be4 Rb8 40. a4
a6 41. Bd5 g5 42. f3 Kg6 1/2-1/2

[Event "Vugar Gashimov Mem B 2014"]
[Site "Shamkir AZE"]
[Date "2014.04.28"]
[Round "8.1"]
[White "Durarbayli, Vasif"]
[Black "Mamedov, Rauf"]
[Result "1-0"]
[WhiteTitle "GM"]
[BlackTitle "GM"]
[WhiteElo "2584"]
[BlackElo "2660"]
[WhiteFideId "13402935"]
[BlackFideId "13401653"]
[EventDate "2014.03.20"]

1. e4 c5 2. Nf3 d6 3. d4 Nf6 4. Nc3 cxd4 5. Nxd4 g6 6. Be3 Bg7 7. f3 Nc6 8. Qd2
O-O 9. Bc4 Bd7 10. O-O-O Na5 11. Be2 Rc8 12. g4 Re8 13. Kb1 a6 14. h4 h5 15. Nd5
hxg4 16. h5 gxf3 17. Nxf3 Nxd5 18. exd5 Bf5 19. Rc1 Nc4 20. Bxc4 Rxc4 21. hxg6
Bxg6 22. Nh4 Rg4 23. Nxg6 Rxg6 24. Qh2 Kf8 25. Qh7 e5 26. Rcf1 Bf6 27. Rh6 Ke7
28. Rxg6 Rh8 29. Qxh8 Bxh8 30. Bg5+ f6 31. Rgxf6 1-0

[Event "Vugar Gashimov Mem B 2014"]
[Site "Shamkir AZE"]
[Date "2014.04.28"]
[Round "8.2"]
[White "Wojtaszek, Radoslaw"]
[Black "Abasov, Nijat"]
[Result "1/2-1/2"]
[WhiteTitle "GM"]
[BlackTitle "GM"]
[WhiteElo "2716"]
[BlackElo "2516"]
[WhiteFideId "1118358"]
[BlackFideId "13402960"]
[EventDate "2014.03.20"]

1. d4 Nf6 2. c4 e6 3. Nc3 Bb4 4. Nf3 b6 5. Qc2 Bb7 6. a3 Bxc3+ 7. Qxc3 O-O 8.
Bg5 d6 9. Nd2 h6 10. Bh4 Nbd7 11. f3 c5 12. e4 Qc7 13. Be2 Nh5 14. O-O Nf4 15.
Bd1 cxd4 16. Qxd4 e5 17. Qe3 Nc5 18. b3 Nce6 19. Nb1 b5 20. cxb5 d5 21. exd5
Nxd5 22. Qe1 Nef4 23. a4 Qb6+ 24. Bf2 Qg6 25. Bg3 Qb6+ 26. Bf2 Qg6 27. Bg3 Qb6+
28. Bf2 1/2-1/2

[Event "Vugar Gashimov Mem B 2014"]
[Site "Shamkir AZE"]
[Date "2014.04.28"]
[Round "8.3"]
[White "Eljanov, Pavel"]
[Black "Guseinov, Gadir"]
[Result "1-0"]
[WhiteTitle "GM"]
[BlackTitle "GM"]
[WhiteElo "2732"]
[BlackElo "2621"]
[WhiteFideId "14102951"]
[BlackFideId "13401378"]
[EventDate "2014.03.20"]

1. d4 Nf6 2. c4 g6 3. Nc3 Bg7 4. e4 d6 5. Nf3 O-O 6. Be2 e5 7. O-O Nbd7 8. Be3
Qe7 9. Qc2 exd4 10. Nxd4 Re8 11. f3 a6 12. Qd2 Nb6 13. Nc2 Be6 14. b3 Nfd7 15.
Rae1 f5 16. Bd4 c5 17. Bxg7 Qxg7 18. exf5 Bxf5 19. Bd3 Kh8 20. Be4 Ne5 21. Bxf5
gxf5 22. Ne3 f4 23. Nf5 Qg6 24. Nxd6 Nxf3+ 25. Rxf3 Rxe1+ 26. Qxe1 Qxd6 27. Ne2
Rf8 28. Qc3+ Kg8 29. Rxf4 Qd1+ 30. Kf2 Rxf4+ 31. Nxf4 Qb1 32. Qd2 Kf7 33. Kf3
Ke7 34. Qe3+ Kd6 35. Qe6+ Kc7 36. Qe5+ Kc6 37. Qe4+ Qxe4+ 38. Kxe4 Nd7 39. g4 b5
40. Nd3 Kd6 41. Kf5 bxc4 42. bxc4 Nb6 43. Ne5 Na4 44. h4 Nc3 45. a3 Ne2 46. Kf6
a5 47. g5 Nc3 48. Nd3 1-0

[Event "Vugar Gashimov Mem B 2014"]
[Site "Shamkir AZE"]
[Date "2014.04.29"]
[Round "9.1"]
[White "Bacrot, Etienne"]
[Black "Safarli, Eltaj"]
[Result "1/2-1/2"]
[WhiteTitle "GM"]
[BlackTitle "GM"]
[WhiteElo "2722"]
[BlackElo "2656"]
[WhiteFideId "605506"]
[BlackFideId "13402129"]
[EventDate "2014.03.20"]

1. c4 e5 2. g3 Nf6 3. Bg2 d5 4. cxd5 Nxd5 5. Nc3 Nb6 6. e3 Qd3 7. Qe2 Qxe2+ 8.
Ngxe2 c6 9. d4 exd4 10. Nxd4 Bc5 11. b3 O-O 12. Ne4 Be7 13. Bd2 a5 14. Ke2 f5
15. Nc3 a4 16. Rhd1 Rd8 17. Be1 axb3 18. axb3 Rxa1 19. Rxa1 Bc5 20. Na4 Nxa4 21.
Rxa4 Bxd4 22. Rxd4 Rxd4 23. exd4 Be6 24. b4 Kf7 25. Ke3 Bd5 26. Bf1 b5 27. Bd3
Kf6 28. h4 h5 29. Be2 g6 30. Bd1 Na6 31. Bc3 Nc7 32. Bd2 Ne6 33. Kd3 Bc4+ 34.
Ke3 Bd5 35. Kd3 Bc4+ 36. Ke3 Bd5 1/2-1/2

[Event "Vugar Gashimov Mem B 2014"]
[Site "Shamkir AZE"]
[Date "2014.04.29"]
[Round "9.3"]
[White "Abasov, Nijat"]
[Black "Eljanov, Pavel"]
[Result "1/2-1/2"]
[WhiteTitle "GM"]
[BlackTitle "GM"]
[WhiteElo "2516"]
[BlackElo "2732"]
[WhiteFideId "13402960"]
[BlackFideId "14102951"]
[EventDate "2014.03.20"]

1. d4 d5 2. c4 c6 3. cxd5 cxd5 4. Nc3 Nf6 5. Nf3 Nc6 6. Bf4 Bf5 7. e3 e6 8. Bd3
Bxd3 9. Qxd3 Bd6 10. Bxd6 Qxd6 11. O-O O-O 12. Rac1 Rac8 13. a3 Na5 14. Rc2 Nc4
15. Nd2 Nxd2 16. Qxd2 Rc4 17. Rfc1 Rfc8 18. Na2 Rxc2 19. Rxc2 Qd7 20. Rxc8+ Qxc8
21. Qc3 Qxc3 22. Nxc3 Kf8 23. f3 Ke7 24. Kf2 a6 25. Ke2 Kd6 26. Kd3 Nd7 27. Ne2
Nf6 28. Nc3 Nd7 29. Ne2 Nf6 1/2-1/2

[Event "Vugar Gashimov Mem B 2014"]
[Site "Shamkir AZE"]
[Date "2014.04.29"]
[Round "9.5"]
[White "Mamedov, Rauf"]
[Black "Wojtaszek, Radoslaw"]
[Result "1-0"]
[WhiteTitle "GM"]
[BlackTitle "GM"]
[WhiteElo "2660"]
[BlackElo "2716"]
[WhiteFideId "13401653"]
[BlackFideId "1118358"]
[EventDate "2014.03.20"]

1. e4 c5 2. c3 Nf6 3. e5 Nd5 4. Nf3 e6 5. Bc4 d6 6. d4 cxd4 7. cxd4 Be7 8. O-O
O-O 9. Re1 Nc6 10. exd6 Qxd6 11. Nc3 b6 12. Bb3 Nxc3 13. bxc3 Bb7 14. Bc2 Qd5
15. Be4 Qh5 16. Bf4 Rfd8 17. Qd2 Na5 18. Bxb7 Nxb7 19. Ne5 Rac8 20. g4 Qh4 21.
Bg3 Qh3 22. Qe2 Nd6 23. d5 Re8 24. dxe6 fxe6 25. Rad1 Bf8 26. Rd3 Nf7 27. Nxf7
Kxf7 28. Rd7+ Kg8 29. Qf3 Kh8 30. Rxa7 Qh6 31. Be5 Rcd8 32. Kg2 Qg6 33. Re4 Kg8
34. Rf4 Re7 35. Bc7 Rc8 36. Bd6 Ree8 37. Be5 Re7 38. Bd6 e5 39. Bxe7 exf4 40.
Bxf8 Rxf8 41. Ra8 Qd6 42. c4 g5 43. Rxf8+ Kxf8 44. Qd5 Qe7 45. a4 h6 46. Qc6 Kg7
47. h3 Qb4 48. Qd7+ Kg6 49. Qc6+ Kg7 50. Qd7+ Kg6 51. Qc7 Qb1 52. Qc6+ Kg7 53.
Qd7+ Kg8 54. Qf5 1-0